Statistics for Ptáci podle obrázků #2

Click here to take the quiz!

General Stats

  • This quiz has been taken 86 times
  • The average score is 13 of 16

Answer Stats

Answer% Correct
čáp bílý
100%
kachna divoká
100%
páv korunkatý
97%
husa domácí
96%
sup bělohlavý
88%
kolibřík mečozubec
87%
racek mořský
87%
vrána černá
87%
straka obecná
82%
ara arakanga
80%
sokol stěhovavý
79%
kivi hnědý/jižní
72%
sojka obecná
71%
sýček obecný
61%
koroptev polní
55%
červenka obecná
43%

Score Distribution

Percentile by Number Answered

Percent of People with Each Score

Your Score History

You have not taken this quiz